| 000 | 01416naa a22003497u 4500 | ||
|---|---|---|---|
| 001 | 04216 | ||
| 003 | HDC | ||
| 007 | cr bn ---aaaaa | ||
| 008 | 210115t2010 flu 000 0 eng | ||
| 020 | _a9781420046335 (hardcover : alk. paper) | ||
| 040 | _aHDC | ||
| 100 |
_aAristoy, M. Concepción _eauthor _94272 |
||
| 245 | 0 |
_aHandbook of seafood and seafood products analysis : Chapter 17 _bM. Concepción Aristoy and Fidel Toldrá / _cby Vincent Varlet, Thierry Serot, and Carole Prost ; edited by Leo M.L. Nollet, Fidel Toldrá. |
|
| 260 |
_aBoca Raton, FL : _bCRC Press, _c2010 |
||
| 300 |
_axviii, 22 pages: _billustrations |
||
| 336 |
_atext _2rdacontent |
||
| 337 |
_acomputer _2rdamedia |
||
| 338 |
_aonline resource _2rdacarrier |
||
| 500 | _aOriginal from book | ||
| 504 | _aIncludes bibliographical references and index. | ||
| 650 |
_aFood analysis _9510 |
||
| 650 |
_aSeafood _xAnalysis _vHandbooks, manuals, etc. _94262 |
||
| 650 |
_aSeafood _xproduct _vHandbooks, manuals, etc. _94263 |
||
| 700 |
_aNollet, Leo M. L., _eeditor |
||
| 700 |
_aProst, Carole _eauthor _94302 |
||
| 700 |
_aSerot, Thierry _eauthor _94301 |
||
| 700 |
_aToldrá, Fidel. _eeditor _93755 |
||
| 856 | _zRequest full-text at [email protected] | ||
| 942 | _2lcc | ||
| 942 | _cCHAP | ||
| 942 | _kEBCH 003447 | ||
| 999 |
_c1541 _d1541 |
||